[Event "Nikaia op 29th"]
[Site "Nikaia"]
[Date "2022.09.02"]
[Round "2"]
[White "Sideris, Theodoros"]
[Black "Karagiannis, Athanasios"]
[Result "1-0"]
[WhiteElo "1689"]
[BlackElo "2149"]
[PlyCount "124"]
[EventDate "2022.09.01"]
[EventType "swiss"]
[EventRounds "9"]
[EventCountry "GRE"]
[SourceTitle "CBM 210 Extra"]
[Source "ChessBase"]
[SourceDate "2022.11.30"]
[SourceVersion "1"]
[SourceVersionDate "2022.11.30"]
[SourceQuality "1"]

1. e4 e6 2. d4 c5 3. d5 a6 4. Nf3 exd5 5. exd5 d6 6. h3 Nf6 7. c4 g6 8. Nc3 Bg7 9. Qe2+ Qe7 10. Bf4 Qxe2+ 11. Bxe2 Kd7 12. Na4 Kc7 13. Nxc5 Nh5 14. Bh2 Bxb2 15. Rb1 Bc3+ 16. Kd1 f6 17. g4 Ng7 18. Ne4 Be5 19. Nxe5 fxe5 20. c5 Nd7 21. Nxd6 Rf8 22. Ne4 Ne8 23. Rf1 Nef6 24. Nxf6 Rxf6 25. f4 e4 26. f5+ Kd8 27. fxg6 Rxg6 28. Rc1 Nf6 29. Bc4 Bd7 30. Be5 Ba4+ 31. Bb3 Bxb3+ 32. axb3 Nd7 33. c6 bxc6 34. dxc6 Nxe5 35. Rf8+ Kc7 36. Rxa8 Nd3 37. Ra7+ Kc8 38. Rc3 Rd6 39. Rd7 Rxd7 40. cxd7+ Kxd7 41. Rxd3+ exd3 42. Kd2 Ke6 43. Kxd3 Ke5 44. Ke3 a5 45. h4 Kd5 46. g5 Ke5 47. h5 Kf5 48. g6 hxg6 49. hxg6 Kxg6 50. Kd4 Kf6 51. Kc5 Ke6 52. Kb6 Kd6 53. Kxa5 Kc6 54. b4 Kb7 55. Kb5 Ka7 56. Kc6 Ka6 57. b5+ Ka7 58. Kc7 Ka8 59. Kb6 Kb8 60. Ka6 Ka8 61. b6 Kb8 62. b7 Kc7 1-0

[Event "Aegean op 45th"]
[Site "Aghios Kirykos"]
[Date "2022.07.12"]
[Round "4"]
[White "De Wachter, Matthias"]
[Black "Karagiannis, Athanasios"]
[Result "1/2-1/2"]
[WhiteElo "2316"]
[BlackElo "2135"]
[PlyCount "139"]
[EventDate "2022.07.09"]
[EventType "swiss"]
[EventRounds "9"]
[EventCountry "GRE"]
[SourceTitle "CBM 209 Extra"]
[Source "ChessBase"]
[SourceDate "2022.09.30"]
[SourceVersion "1"]
[SourceVersionDate "2022.09.30"]
[SourceQuality "1"]

1. d4 c5 2. d5 Nf6 3. c4 e5 4. Nc3 d6 5. e4 Be7 6. h3 0-0 7. Nf3 a6 8. a4 b6 9. Bd3 Ra7 10. Be3 Ne8 11. g4 g6 12. Qe2 Ng7 13. Rg1 Nd7 14. Kd1 Nf6 15. Kc2 Bd7 16. Rg2 Qc7 17. Nd2 b5 18. cxb5 axb5 19. Bxb5 Rb8 20. Ra3 Nge8 21. Rg1 Qc8 22. Nc4 Nc7 23. f4 exf4 24. Bxf4 Bxb5 25. axb5 Rxa3 26. bxa3 Nxb5 27. Nxb5 Rxb5 28. Bxd6 Bd8 29. Rb1 Qa6 30. Rxb5 Qxb5 31. Qd3 Qa4+ 32. Kb2 Qb5+ 33. Kc2 Qa4+ 34. Kd2 Nd7 35. Be5 Nb6 36. Nb2 Qe8 37. Bc3 Bg5+ 38. Kc2 Bf4 39. Ba5 Na4 40. Nc4 Be5 41. d6 Bd4 42. Bd2 Qc6 43. Be3 Nb6 44. Nxb6 Qxb6 45. Bxd4 cxd4 46. Qg3 Qc6+ 47. Kd2 f6 48. g5 fxg5 49. e5 Qb5 50. Qxg5 Qb2+ 51. Kd3 Qc3+ 52. Ke4 Qc6+ 53. Kxd4 Qa4+ 54. Kd5 Qb3+ 55. Kc6 Qa4+ 56. Kc7 Qa7+ 57. Kc8 Qa8+ 58. Kc7 Qa7+ 59. Kc6 Qa6+ 60. Kd5 Qb7+ 61. Kd4 Qb2+ 62. Ke4 Qc2+ 63. Kf3 Qd1+ 64. Kf2 Qc2+ 65. Ke1 Qb1+ 66. Kd2 Qb2+ 67. Kd1 Qb3+ 68. Ke2 Qc4+ 69. Kf2 Qc2+ 70. Kf3 1/2-1/2

[Event "Aegean op 43rd"]
[Site "Aghios Kirykos"]
[Date "2020.07.16"]
[Round "7"]
[White "Karagiannis, Athanasios"]
[Black "Karamichos, Michail"]
[Result "1-0"]
[WhiteElo "2169"]
[BlackElo "1701"]
[PlyCount "59"]
[EventDate "2020.07.10"]
[EventType "swiss"]
[EventRounds "7"]
[EventCountry "GRE"]
[SourceTitle "EXT 2021"]
[Source "ChessBase"]
[SourceDate "2020.10.23"]
[SourceVersion "1"]
[SourceVersionDate "2020.10.23"]
[SourceQuality "1"]

1. e4 e5 2. d4 exd4 3. c3 d5 4. exd5 Qxd5 5. cxd4 Nc6 6. Be3 Nf6 7. Nc3 Qd8 8. Nf3 Bd6 9. Bb5 Bd7 10. 0-0 0-0 11. Bg5 h6 12. Bh4 g5 13. Bg3 Bg4 14. Bxc6 bxc6 15. Qd3 Nh5 16. Qe4 Nxg3 17. hxg3 Bxf3 18. gxf3 Qd7 19. Kg2 f5 20. Qd3 Kg7 21. Rfe1 Rfe8 22. d5 cxd5 23. Nxd5 Be5 24. Rad1 Bxb2 25. Qc2 Rxe1 26. Qxb2+ Kf7 27. Qf6+ Kg8 28. Rxe1 Qxd5 29. Re7 Qd4 30. Rg7+ 1-0

[Event "Aegean op 42nd"]
[Site "Aghios Kirykos"]
[Date "2019.07.17"]
[Round "9"]
[White "Barchuk, Irina"]
[Black "Karagiannis, Athanasios"]
[Result "0-1"]
[WhiteElo "2012"]
[BlackElo "2183"]
[PlyCount "40"]
[EventDate "2019.07.09"]
[EventType "swiss"]
[EventRounds "9"]
[EventCountry "GRE"]
[SourceTitle "EXT 2020"]
[Source "ChessBase"]
[SourceDate "2019.10.17"]
[SourceVersion "1"]
[SourceVersionDate "2019.10.17"]
[SourceQuality "1"]

1. e4 c6 2. d4 d5 3. e5 c5 4. dxc5 e6 5. a3 a5 6. Be3 Nd7 7. Bb5 Qc7 8. Qd4 Ne7 9. Qc3 Nf5 10. c6 bxc6 11. Qxc6 Qxc6 12. Bxc6 Nxe3 13. fxe3 Rb8 14. b3 g5 15. e4 dxe4 16. Nd2 Bg7 17. Nxe4 Ke7 18. Bxd7 Bxd7 19. Nxg5 Bxe5 20. 0-0-0 Bf4+ 0-1

[Event "Aegean op 42nd"]
[Site "Aghios Kirykos"]
[Date "2019.07.16"]
[Round "8"]
[White "Karagiannis, Athanasios"]
[Black "Alexakis, Dimitris"]
[Result "0-1"]
[WhiteElo "2183"]
[BlackElo "2456"]
[PlyCount "80"]
[EventDate "2019.07.09"]
[EventType "swiss"]
[EventRounds "9"]
[EventCountry "GRE"]
[SourceTitle "EXT 2020"]
[Source "ChessBase"]
[SourceDate "2019.10.17"]
[SourceVersion "1"]
[SourceVersionDate "2019.10.17"]
[SourceQuality "1"]

1. d4 Nf6 2. c4 e6 3. Nf3 c5 4. e3 cxd4 5. exd4 d5 6. Nc3 Nc6 7. cxd5 Nxd5 8. Bb5 Be7 9. Ne5 Bd7 10. Nxd5 Nxe5 11. Bxd7+ Nxd7 12. Nxe7 Qxe7 13. 0-0 Nb6 14. Qg4 0-0 15. Bg5 f6 16. Bd2 Qd7 17. Rfe1 Rae8 18. Bb4 f5 19. Qf4 Rf6 20. Rac1 Nd5 21. Qd6 Qf7 22. Re5 Rg6 23. Bd2 h6 24. Rce1 Kh7 25. h3 Nb6 26. Rc1 Nd5 27. Qa3 b6 28. Qf3 Qd7 29. Ree1 Qa4 30. Bf4 Qxa2 31. Ra1 Qxb2 32. Rxa7 Rc8 33. Be5 Rc1 34. Rxc1 Qxc1+ 35. Kh2 b5 36. Qh5 f4 37. Qe2 Qb1 38. Rb7 b4 39. Qf3 Qc2 40. Rb8 Qc3 0-1

[Event "Bikos & Maragkoudakis Memorial 2nd"]
[Site "Athens"]
[Date "2018.12.29"]
[Round "6"]
[White "Karagiannis, Athanasios"]
[Black "Eftimakis, Dimitros"]
[Result "1-0"]
[WhiteElo "2210"]
[BlackElo "2066"]
[PlyCount "45"]
[EventDate "2018.12.22"]
[EventType "swiss"]
[EventRounds "7"]
[EventCountry "GRE"]
[SourceTitle "EXT 2020"]
[Source "ChessBase"]
[SourceDate "2019.10.17"]
[SourceVersion "1"]
[SourceVersionDate "2019.10.17"]
[SourceQuality "1"]

1. d4 Nf6 2. Nf3 g6 3. g3 Bg7 4. Bg2 0-0 5. 0-0 d6 6. Nc3 c5 7. d5 e5 8. dxe6 fxe6 9. e4 d5 10. e5 Nfd7 11. Bg5 Qb6 12. Be7 Re8 13. Bd6 Qxb2 14. Nxd5 Na6 15. Ne7+ Kh8 16. Rb1 Qxa2 17. Ng5 Bxe5 18. Nf7+ Kg7 19. Nxe5 Rxe7 20. Bxe7 Nxe5 21. Qd8 Nd7 22. Bg5 e5 23. Rxb7 1-0

[Event "Aegean op 41st"]
[Site "Aghios Kirykos"]
[Date "2018.07.20"]
[Round "7"]
[White "Karagiannis, Athanasios"]
[Black "Velicka, Petr"]
[Result "0-1"]
[WhiteElo "2202"]
[BlackElo "2425"]
[PlyCount "37"]
[EventDate "2018.07.16"]
[EventType "swiss"]
[EventRounds "9"]
[EventCountry "GRE"]
[SourceTitle "CBM 186 Extra"]
[Source "ChessBase"]
[SourceDate "2018.08.24"]
[SourceVersion "1"]
[SourceVersionDate "2018.08.24"]
[SourceQuality "1"]

1. Nf3 d5 2. g3 Nf6 3. Bg2 Bg4 4. Ne5 Be6 5. 0-0 Nbd7 6. d4 c6 7. Nf3 Bf5 8. b3 e6 9. Bb2 h6 10. Nbd2 Be7 11. c4 0-0 12. h3 a5 13. a4 Ne4 14. Qc1 Bb4 15. Nxe4 Bxe4 16. Bc3 Qe7 17. Ne1 Nf6 18. Nd3 Bxd3 19. exd3 0-1

[Event "Peristeri op 9th"]
[Site "Peristeri"]
[Date "2017.09.06"]
[Round "3"]
[White "Karagiannis, Athanasios"]
[Black "Fessas, Prokopios"]
[Result "1-0"]
[WhiteElo "2220"]
[BlackElo "1942"]
[PlyCount "59"]
[EventDate "2017.09.04"]
[EventType "swiss"]
[EventRounds "7"]
[EventCountry "GRE"]
[SourceTitle "CBM 180 Extra"]
[Source "ChessBase"]
[SourceDate "2017.10.06"]
[SourceVersion "1"]
[SourceVersionDate "2017.10.06"]
[SourceQuality "1"]

1. b3 d5 2. Bb2 Nf6 3. e3 Bf5 4. f4 e6 5. Nf3 Nbd7 6. Be2 Be7 7. 0-0 h6 8. Ne5 0-0 9. d3 Bc5 10. d4 Bd6 11. Bd3 Ne4 12. Nd2 Ndf6 13. Ndf3 Qe7 14. a4 a5 15. Nh4 Bh7 16. f5 Rae8 17. Nhg6 fxg6 18. fxg6 c6 19. gxh7+ Kxh7 20. Qf3 Qc7 21. Qg3 Kg8 22. Qg6 Qd8 23. Rf4 Ng5 24. Raf1 Qe7 25. Rh4 Nfe4 26. Ng4 Rxf1+ 27. Bxf1 Nf7 28. Nxh6+ Nxh6 29. Rxh6 Qf7 30. Rh8+ 1-0

[Event "Peristeri op 9th"]
[Site "Peristeri"]
[Date "2017.09.04"]
[Round "1"]
[White "Karagiannis, Athanasios"]
[Black "Skoufas, Georgios"]
[Result "1-0"]
[WhiteElo "2220"]
[BlackElo "1628"]
[PlyCount "87"]
[EventDate "2017.09.04"]
[EventType "swiss"]
[EventRounds "7"]
[EventCountry "GRE"]
[SourceTitle "CBM 180 Extra"]
[Source "ChessBase"]
[SourceDate "2017.10.06"]
[SourceVersion "1"]
[SourceVersionDate "2017.10.06"]
[SourceQuality "1"]

1. e4 e5 2. Nf3 Nf6 3. Nc3 Nc6 4. Bb5 Bb4 5. 0-0 0-0 6. d3 d6 7. Bg5 Bxc3 8. bxc3 Qe7 9. Nd2 Nd8 10. Bc4 Ne6 11. Bxe6 fxe6 12. d4 exd4 13. cxd4 e5 14. c3 c5 15. Re1 exd4 16. cxd4 Qf7 17. Bh4 Be6 18. d5 Bd7 19. Nc4 Ne8 20. a4 b5 21. axb5 Bxb5 22. Na3 Bd7 23. Bg3 Rb8 24. Nc4 Rb4 25. Qc2 Bb5 26. Ne3 a6 27. Nf5 Qf6 28. Ra3 Qb2 29. Rf3 g6 30. Qxb2 Rxb2 31. Nxd6 Rxf3 32. gxf3 Nxd6 33. Bxd6 c4 34. Be5 Rd2 35. Bc3 Rd3 36. Re3 Rd1+ 37. Kg2 Kf7 38. Kg3 Bd7 39. Kf4 Rh1 40. e5 Bf5 41. e6+ Ke8 42. d6 Rxh2 43. d7+ Ke7 44. Bf6+ 1-0

[Event "Aegean op 40th"]
[Site "Aghios Kirykos"]
[Date "2017.07.11"]
[Round "4"]
[White "Bernadskiy, Vitaliy"]
[Black "Karagiannis, Athanasios"]
[Result "1/2-1/2"]
[WhiteElo "2543"]
[BlackElo "2206"]
[PlyCount "103"]
[EventDate "2017.07.09"]
[EventType "swiss"]
[EventRounds "9"]
[EventCountry "GRE"]
[SourceTitle "EXT 2018"]
[Source "ChessBase"]
[SourceDate "2017.10.13"]
[SourceVersion "1"]
[SourceVersionDate "2017.10.13"]
[SourceQuality "1"]

1. e4 e6 2. Nf3 d5 3. e5 c5 4. b4 cxb4 5. a3 bxa3 6. d4 Nc6 7. c3 f5 8. Bxa3 Bxa3 9. Nxa3 Nh6 10. h4 Nf7 11. Bd3 Bd7 12. Qb1 b6 13. Nc2 Qc7 14. Ne3 0-0 15. g4 Ncxe5 16. dxe5 Nxe5 17. Nxe5 Qxc3+ 18. Kf1 Qxe5 19. gxf5 exf5 20. Rg1 Kh8 21. Ra3 f4 22. Ng4 Qe7 23. Qa1 Rae8 24. Rg2 f3 25. Rg3 Qxh4 26. Nh2 Bh3+ 27. Kg1 Qxg3+ 28. fxg3 f2+ 29. Kh1 Re1+ 30. Nf1 Bxf1 31. Bxf1 a5 32. Kg2 Rxa1 33. Rxa1 g6 34. Rd1 a4 35. Rxd5 a3 36. Rd2 Ra8 37. Ra2 Ra5 38. Kxf2 b5 39. Ke3 b4 40. Bc4 Rc5 41. Kd4 Rg5 42. Rg2 h5 43. Rg1 Kg7 44. Kd3 h4 45. g4 h3 46. Rh1 Rxg4 47. Rxh3 Rg2 48. Rf3 g5 49. Bb3 Kg6 50. Kc4 Rb2 51. Rf8 a2 52. Ra8 1/2-1/2

[Event "Ambelokipi op 163th"]
[Site "Athens"]
[Date "2017.03.29"]
[Round "5"]
[White "Karagiannis, Athanasios"]
[Black "Stathakis, Ioannis"]
[Result "1-0"]
[WhiteElo "2194"]
[BlackElo "1823"]
[PlyCount "77"]
[EventDate "2017.03.01"]
[EventType "swiss"]
[EventRounds "7"]
[EventCountry "GRE"]
[SourceTitle "EXT 2024"]
[Source "ChessBase"]
[SourceDate "2023.10.10"]
[SourceVersion "1"]
[SourceVersionDate "2023.10.10"]
[SourceQuality "1"]

1. d4 g6 2. e4 Bg7 3. Nc3 c5 4. d5 d6 5. f4 a6 6. a4 e6 7. Nf3 Ne7 8. dxe6 fxe6 9. Bc4 Bxc3+ 10. bxc3 d5 11. Be2 Nd7 12. Ng5 Nf6 13. e5 Ne4 14. Nxe4 dxe4 15. Qxd8+ Kxd8 16. Ba3 Nd5 17. Bxc5 Nxf4 18. Bf1 Bd7 19. g3 Nd5 20. c4 Ne7 21. Bg2 Rc8 22. Bb6+ Ke8 23. Bxe4 Rxc4 24. Bxb7 Bc6 25. Bxa6 Rb4 26. Bc5 Re4+ 27. Kd2 Rxe5 28. Bd4 Rd5 29. Kc3 e5 30. Bb6 Rd7 31. Rhb1 Nd5+ 32. Kc4 Rf8 33. Kc5 Nc3 34. Kxc6 Rf6+ 35. Kc5 Rd4 36. Bb7 Kd7 37. a5 Rfd6 38. Rb3 Nd5 39. Rd3 1-0

[Event "GRE-ch 66th"]
[Site "Thessaloniki"]
[Date "2017.03.07"]
[Round "4"]
[White "Halkias, Stelios"]
[Black "Karagiannis, Athanasios"]
[Result "1-0"]
[WhiteElo "2584"]
[BlackElo "2194"]
[PlyCount "85"]
[EventDate "2017.03.04"]
[EventType "tourn"]
[EventRounds "9"]
[EventCountry "GRE"]
[EventCategory "7"]
[SourceTitle "CBM 177 Extra"]
[Source "ChessBase"]
[SourceDate "2017.04.27"]
[SourceVersion "1"]
[SourceVersionDate "2017.04.27"]
[SourceQuality "1"]

1. c4 e6 2. Nf3 f5 3. g3 Nf6 4. Bg2 d5 5. 0-0 c6 6. d3 Bd6 7. Nc3 0-0 8. e4 Bb4 9. exd5 exd5 10. Qb3 Bxc3 11. bxc3 dxc4 12. Qxc4+ Qd5 13. Qa4 Be6 14. Re1 Bf7 15. Ne5 Qd8 16. Ba3 Re8 17. Nxf7 Kxf7 18. Qb3+ Kg6 19. Qxb7 Nbd7 20. Bd6 Qa5 21. Bb4 Qd8 22. Rxe8 Qxe8 23. Bxc6 Rb8 24. Qxa7 Qe6 25. Bg2 Qe2 26. Qe3 Qc2 27. h4 h6 28. h5+ Nxh5 29. Bh3 Ndf6 30. Qf3 f4 31. gxf4 Rd8 32. d4 Re8 33. Qd1 Qe4 34. Qb1 Nxf4 35. Qxe4+ Rxe4 36. Bf1 N6d5 37. a4 Kf6 38. a5 Ne6 39. Bg2 Rg4 40. Kf1 Ndf4 41. Bb7 Ng5 42. Rd1 Ngh3 43. Ke1 1-0

[Event "GRE-ch 66th"]
[Site "Thessaloniki"]
[Date "2017.03.05"]
[Round "2"]
[White "Mastrovasilis, Athanasios"]
[Black "Karagiannis, Athanasios"]
[Result "1/2-1/2"]
[WhiteElo "2537"]
[BlackElo "2194"]
[PlyCount "109"]
[EventDate "2017.03.04"]
[EventType "tourn"]
[EventRounds "9"]
[EventCountry "GRE"]
[EventCategory "7"]
[SourceTitle "CBM 177 Extra"]
[Source "ChessBase"]
[SourceDate "2017.04.27"]
[SourceVersion "1"]
[SourceVersionDate "2017.04.27"]
[SourceQuality "1"]

1. Nf3 d5 2. g3 c6 3. Bg2 Bf5 4. 0-0 h6 5. c4 e6 6. cxd5 exd5 7. d3 Nf6 8. Nc3 Be7 9. Nd4 Bh7 10. e4 dxe4 11. dxe4 0-0 12. Be3 Nbd7 13. f4 Nb6 14. Qe2 Bb4 15. Rad1 Qc8 16. e5 Nfd5 17. Nxd5 Nxd5 18. Bf2 Bc5 19. Bxd5 cxd5 20. Rc1 Be4 21. Be3 Bxd4 22. Rxc8 Raxc8 23. Bxd4 Rc2 24. Qxc2 Bxc2 25. Rc1 Rc8 26. Bxa7 Kf8 27. Kf2 Ke8 28. Ke3 Rc4 29. b3 Bxb3 30. Rxc4 Bxc4 31. a3 g6 32. g4 h5 33. gxh5 gxh5 34. f5 Bb3 35. Kf4 Bc2 36. Kg5 b5 37. Bc5 Bd1 38. Kf6 d4 39. Bxd4 Bb3 40. Kg7 Bc4 41. Bc5 Bb3 42. Kh6 Bd1 43. Kg5 Be2 44. Kf6 Bc4 45. h3 Bb3 46. Kg7 Bc4 47. h4 Bb3 48. Kh6 Bd1 49. Bd4 Be2 50. Kg7 Bc4 51. e6 fxe6 52. f6 e5 53. Bxe5 Bb3 54. Kg6 Bf7+ 55. Kg5 1/2-1/2

[Event "Athens ChessSquare New Year"]
[Site "Athens"]
[Date "2017.01.08"]
[Round "9"]
[White "Karagiannis, Athanasios"]
[Black "Kasioumis, Vasilios"]
[Result "1-0"]
[WhiteElo "2205"]
[BlackElo "1865"]
[PlyCount "83"]
[EventDate "2017.01.01"]
[EventType "swiss"]
[EventRounds "9"]
[EventCountry "GRE"]
[SourceTitle "EXT 2024"]
[Source "ChessBase"]
[SourceDate "2023.10.10"]
[SourceVersion "1"]
[SourceVersionDate "2023.10.10"]
[SourceQuality "1"]

1. Nf3 d5 2. d4 Nf6 3. c4 e6 4. e3 Be7 5. Nbd2 0-0 6. Qc2 b6 7. Bd3 Bb7 8. cxd5 exd5 9. 0-0 c5 10. Ne5 Na6 11. a3 Rc8 12. Qa4 c4 13. Bf5 Rc7 14. Nb1 g6 15. Bh3 Ne4 16. Nc3 Nxc3 17. bxc3 f5 18. f4 Bc8 19. Ra2 Nb8 20. g4 Qe8 21. Qd1 Nc6 22. Rg2 Kh8 23. gxf5 gxf5 24. Rg3 Bh4 25. Rg2 Rg8 26. Kh1 Rcg7 27. Rfg1 Nxe5 28. dxe5 Be6 29. Rxg7 Rxg7 30. Rxg7 Kxg7 31. Bg2 Qb5 32. Bf3 Be7 33. Qc2 a5 34. a4 Qc6 35. Qa2 b5 36. axb5 Qxb5 37. Ba3 Qb3 38. Qg2+ Kf8 39. Bxe7+ Kxe7 40. Qg7+ Kd8 41. Qf8+ Kd7 42. Qd6+ 1-0

[Event "Athens ChessSquare Autumn op"]
[Site "Athens"]
[Date "2016.10.22"]
[Round "7"]
[White "Poulopoulos, Ioannis"]
[Black "Karagiannis, Athanasios"]
[Result "1-0"]
[WhiteElo "2215"]
[BlackElo "2240"]
[PlyCount "85"]
[EventDate "2016.09.10"]
[EventType "swiss"]
[EventRounds "7"]
[EventCountry "GRE"]
[SourceTitle "EXT 2024"]
[Source "ChessBase"]
[SourceDate "2023.10.10"]
[SourceVersion "1"]
[SourceVersionDate "2023.10.10"]
[SourceQuality "1"]

1. d4 Nf6 2. c4 g6 3. Nf3 Bg7 4. Nc3 0-0 5. Bf4 d6 6. h3 c5 7. e3 cxd4 8. exd4 Qa5 9. Qd2 e5 10. Be3 Nc6 11. Be2 Re8 12. d5 Ne7 13. 0-0 Nf5 14. Nb5 Qd8 15. Nxa7 Nxe3 16. Qxe3 e4 17. Nd2 Bd7 18. a4 Qa5 19. Nb5 Bxb5 20. Nb3 Qb4 21. axb5 Nd7 22. c5 Rxa1 23. Rxa1 dxc5 24. Rc1 Bd4 25. Nxd4 cxd4 26. Qf4 Qxb2 27. Bg4 Ne5 28. Rc7 d3 29. d6 Qa1+ 30. Kh2 Qd4 31. Re7 Nxg4+ 32. hxg4 Rf8 33. Rxe4 Qc5 34. Rd4 Qxb5 35. d7 Qa5 36. Rxd3 b5 37. Qf6 Rd8 38. Re3 Qa8 39. Qe7 Qb8+ 40. Kh3 Rf8 41. Qe8 Kg7 42. Qxb8 Rxb8 43. Re8 1-0

[Event "Aegean op 39th"]
[Site "Aghios Kirykos"]
[Date "2016.07.17"]
[Round "9"]
[White "Gevorgyan, Maria"]
[Black "Karagiannis, Athanasios"]
[Result "1/2-1/2"]
[WhiteElo "2218"]
[BlackElo "2239"]
[PlyCount "163"]
[EventDate "2016.07.11"]
[EventType "swiss"]
[EventRounds "9"]
[EventCountry "GRE"]
[SourceTitle "CBM 173 Extra"]
[Source "ChessBase"]
[SourceDate "2016.08.29"]
[SourceVersion "1"]
[SourceVersionDate "2016.08.29"]
[SourceQuality "1"]

1. e4 Nf6 2. e5 Nd5 3. d4 d6 4. c4 Nb6 5. exd6 cxd6 6. Nc3 g6 7. Be3 Bg7 8. Rc1 0-0 9. b3 Bf5 10. Qd2 Nc6 11. Nf3 Bg4 12. Be2 d5 13. c5 Nc8 14. h3 Bxf3 15. Bxf3 e6 16. g4 N8e7 17. Bg2 e5 18. Ne2 exd4 19. Nxd4 Nxd4 20. Bxd4 Bxd4 21. Qxd4 Nc6 22. Qd2 Re8+ 23. Kf1 d4 24. h4 Qf6 25. h5 Rad8 26. Rh3 Ne5 27. Rg3 d3 28. Re1 Nc4 29. bxc4 Re2 30. Rxe2 dxe2+ 31. Qxe2 Qa1+ 32. Qe1 Rd1 33. Re3 Rxe1+ 34. Rxe1 Qxa2 35. Re8+ Kg7 36. Bd5 gxh5 37. Re7 Qa3 38. Rxf7+ Kh6 39. Rxb7 Qxc5 40. gxh5 a5 41. Rb5 Qa3 42. Kg2 a4 43. c5 Qd3 44. Rb6+ Kg5 45. Bg8 Qe4+ 46. Kg1 Qg4+ 47. Kf1 Qc8 48. Bxh7 Qxc5 49. Rg6+ Kxh5 50. Rg3 a3 51. Bg8 Qc1+ 52. Kg2 Qb2 53. Bb3 Kh4 54. Bg8 a2 55. Bxa2 Qxa2 56. Rh3+ Kg4 57. Rg3+ Kf4 58. Rf3+ Ke4 59. Re3+ Kd4 60. Rg3 Qa8+ 61. Kh2 Ke4 62. Kg2 Kf4+ 63. Kh2 Qh8+ 64. Kg2 Qh5 65. Kg1 Qd1+ 66. Kg2 Qe2 67. Kg1 Qd2 68. Kg2 Qd1 69. Re3 Qd5+ 70. Kg1 Kg4 71. Rg3+ Kh4 72. Kh2 Qe5 73. Kg2 Qf5 74. Kg1 Qb1+ 75. Kg2 Qd1 76. Rh3+ Kg5 77. Rg3+ Kf4 78. Re3 Qd5+ 79. Kh2 Qg8 80. Rg3 Qh7+ 81. Kg2 Qe4+ 82. Kh2 1/2-1/2

[Event "Aegean op 39th"]
[Site "Aghios Kirykos"]
[Date "2016.07.16"]
[Round "8"]
[White "Karagiannis, Athanasios"]
[Black "Persson, Andreas"]
[Result "1-0"]
[WhiteElo "2239"]
[BlackElo "2181"]
[PlyCount "85"]
[EventDate "2016.07.11"]
[EventType "swiss"]
[EventRounds "9"]
[EventCountry "GRE"]
[SourceTitle "CBM 173 Extra"]
[Source "ChessBase"]
[SourceDate "2016.08.29"]
[SourceVersion "1"]
[SourceVersionDate "2016.08.29"]
[SourceQuality "1"]

1. d4 Nf6 2. c4 e6 3. Nf3 d5 4. Nc3 dxc4 5. e3 a6 6. Bxc4 b5 7. Bb3 Bb7 8. 0-0 Nbd7 9. Qe2 c5 10. Rd1 Qb8 11. e4 cxd4 12. Nxd4 Bd6 13. Nf3 0-0 14. Bg5 Ne5 15. Bxf6 gxf6 16. Nxe5 Bxe5 17. Qh5 Bxc3 18. bxc3 Bxe4 19. Qh4 Bg6 20. Qxf6 Rd8 21. h4 Rxd1+ 22. Rxd1 Qf8 23. Rd7 a5 24. Qg5 Qc8 25. Qd2 a4 26. Bd1 Qc5 27. Bf3 Rc8 28. Bb7 Rc7 29. Rxc7 Qxc7 30. Bf3 Qe5 31. a3 Kg7 32. Be2 Be4 33. Qe3 Qf5 34. Bxb5 Qxb5 35. Qxe4 Qb3 36. Qe5+ f6 37. Qc5 e5 38. Kh2 Kg6 39. Qe7 Qxc3 40. Qe8+ Kh6 41. Qxa4 Qb2 42. Qa7 f5 43. Qe7 1-0

[Event "Aegean op 39th"]
[Site "Aghios Kirykos"]
[Date "2016.07.14"]
[Round "5"]
[White "Makka, Ioulia"]
[Black "Karagiannis, Athanasios"]
[Result "1-0"]
[WhiteElo "2129"]
[BlackElo "2239"]
[PlyCount "95"]
[EventDate "2016.07.11"]
[EventType "swiss"]
[EventRounds "9"]
[EventCountry "GRE"]
[SourceTitle "CBM 173 Extra"]
[Source "ChessBase"]
[SourceDate "2016.08.29"]
[SourceVersion "1"]
[SourceVersionDate "2016.08.29"]
[SourceQuality "1"]

1. e4 c5 2. Nf3 Nc6 3. Bb5 e6 4. 0-0 Nge7 5. Re1 a6 6. Bf1 d5 7. exd5 Nxd5 8. d3 Be7 9. Nbd2 0-0 10. a4 Bd7 11. Nc4 Qc7 12. Nfe5 Nxe5 13. Nxe5 Be8 14. a5 Bd6 15. Nf3 Bc6 16. h3 Nb4 17. Ng5 Bh2+ 18. Kh1 Bf4 19. c3 Bxc1 20. Qxc1 Nd5 21. Ne4 Nf4 22. Qe3 Rad8 23. Nxc5 Rd5 24. Ne4 Rh5 25. Kg1 f5 26. Ng3 Rg5 27. Ne2 Nxg2 28. Qxg5 Nxe1 29. Rxe1 Rf6 30. Qf4 Qxa5 31. Nd4 Bd5 32. Qb8+ Kf7 33. Qe5 Rg6+ 34. Kh2 Qd8 35. Qf4 b5 36. Nf3 Kg8 37. Ne5 Rh6 38. Bg2 Rh4 39. Qe3 f4 40. Qa7 f3 41. Qf7+ Kh8 42. Bxf3 Bxf3 43. Qxf3 Kg8 44. Qf7+ Kh8 45. Qxe6 Qb8 46. Kg1 Rf4 47. Nf7+ Kg8 48. Nd8+ 1-0